Inventario de proyectos en energia 1986

Uloženo v:
Podrobná bibliografie
Hlavní autor: Chin Wo Cruz, Allan
Médium: Kniha
Jazyk:Spanish
Vydáno: San José, C.R. : CONICIT RECOPE, 1986
Témata:
Tagy: Přidat tag
Žádné tagy, Buďte první, kdo vytvoří štítek k tomuto záznamu!

MARC

LEADER 00000nam a2200000Ia 4500
003 000606
005 20221231143845.0
008 140116s1986 cr a 000 ||spa d
040 |c cru CEDI 
082 |a  333.79 Ch539i 
100 |a Chin Wo Cruz, Allan  |9 15503 
245 |a Inventario de proyectos en energia 1986  
260 |c 1986  |a San José, C.R. : CONICIT RECOPE, 
300 |c iv 170 páginas ; 27 cm 
650 |x RECURSOS ENERGETICOS - COSTA RICA   |x PROYECTOS ENERGETICOS  |9 20550 
942 |2 ddc  |c BK 
999 |c 13310  |d 13310